| 000 | 01067nam a2200313 i 4500 | ||
|---|---|---|---|
| 001 | bg | ||
| 245 | 0 | 0 |
_aFatigue design of components / _c[ed. by] G. Marquis, J. Solin. |
| 260 |
_aAmsterdam [etc] : _bElsevier, _c1997. |
||
| 300 |
_a[IX], 227 s. : _bil. ; _c24 cm. |
||
| 490 | 1 |
_aESIS ; _v22 |
|
| 504 | _aBibliogr. przy ref. - Ineks. | ||
| 650 | 9 |
_aZmęczenie materiałów _xzagadnienia |
|
| 650 | 9 |
_aNaprężenia i odkształcenia _xzagadnienia |
|
| 650 | 9 |
_aEksperyment _xstosowanie _xtechnika |
|
| 650 | 9 |
_aProjektowanie _xzagadnienia |
|
| 650 | 9 |
_aNaprężenia i odkształcenia _xzagadnienia |
|
| 655 | _aMateriały konferencyjne | ||
| 700 | 1 | _aMARQUIS, G. | |
| 700 | 1 | _aSOLIN, J. | |
| 830 | _aESIS ; | ||
| 020 | _a0080433189 | ||
| 040 | _cBPK | ||
| 041 | 0 | _aen | |
| 080 | _a539.3/.6:62.001.13/.14:62.001.4/.5](061) | ||
| 920 | _a0-08-043318-9 | ||
| 942 | _cKS | ||
| 008 | s pl f |000 0 pol | ||
| 999 |
_c41809 _d41809 |
||
| 856 |
_uhttp://koha.tu.koszalin.pl/cgi-bin/koha/opac-detail.pl?biblionumber=41809 _yKatalog online BPK |
||